Szeged nagy részvéttel temette el dr. Aigner Károlyt
Elmentve itt :
| Dokumentumtípus: | Cikk |
|---|---|
| Megjelent: |
1934-11-13
|
| Sorozat: | Délmagyarország
10 No. 255 |
| Kulcsszavak: | Aigner Károly, Temetés Szeged 1934 |
| Online Access: | http://dmarchiv.bibl.u-szeged.hu/39852 |
| LEADER | 00449nab a2200145 i 4500 | ||
|---|---|---|---|
| 001 | delm39852 | ||
| 005 | 20180927130037.0 | ||
| 008 | 180927s1934 hu o 0|| hun d | ||
| 040 | |a SZTE Délmagyarország Archívum |b hun | ||
| 041 | |a hun | ||
| 245 | 0 | 0 | |a Szeged nagy részvéttel temette el dr. Aigner Károlyt |h [elektronikus dokumentum] |
| 260 | |c 1934-11-13 | ||
| 300 | |a 3-4 | ||
| 490 | 0 | |a Délmagyarország |v 10 No. 255 | |
| 695 | |a Aigner Károly, Temetés Szeged 1934 | ||